2022 FIFA World Cup Qualifiers by Confederation - Statistics

General Stats
  • This quiz has been taken 60 times
  • The average score is 30 of 32
Answer Stats
Hint Answer % Correct
CONMEBOL Argentina
100%
CONMEBOL Brazil
100%
CONCACAF Canada
98%
UEFA France
98%
CONCACAF Mexico
98%
CAF Morocco
98%
CONCACAF United States
98%
CONMEBOL Uruguay
98%
UEFA England
96%
UEFA Germany
96%
Host Qatar
96%
UEFA Netherlands
94%
UEFA Poland
94%
UEFA Portugal
94%
UEFA Spain
94%
UEFA Belgium
92%
CAF Cameroon
92%
AFC South Korea
92%
UEFA Wales
92%
UEFA Denmark
91%
CONCACAF/OFC Costa Rica
91%
CONMEBOL Ecuador
91%
AFC Iran
91%
AFC Japan
91%
AFC/CONMEBOL Australia
89%
CAF Ghana
89%
UEFA Croatia
87%
AFC Saudi Arabia
87%
CAF Senegal
87%
UEFA Serbia
85%
UEFA Switzerland
85%
CAF Tunisia
85%
No matching quizzes found
Score Distribution
Percent of People with Each Score
Percentile by Number Answered
Your Score History
You have not taken this quiz